Normal view
MARC view
- Kulahci, Murat
Entry Personal Name
001 - CONTROL NUMBER
- control field: 114182
003 - CONTROL NUMBER IDENTIFIER
- control field: NUST
005 - DATE AND TIME OF LATEST TRANSACTION
- control field: 20230819091636.0
008 - FIXED-LENGTH DATA ELEMENTS
- fixed length control field: 230819|| aca||aabn | a|a d
040 ## - CATALOGING SOURCE
- Original cataloging agency: NUST
- Transcribing agency: NUST
100 ## - HEADING--PERSONAL NAME
- Personal name: Kulahci, Murat
670 ## - SOURCE DATA FOUND
- Source citation: Work cat.: (NUST)189276: Bisgaard, Soren, 114181, Time series analysis and forecasting by example /, c2011.
